Vanessa Kirby - All Movies - Statistics

General Stats
  • This quiz has been taken 6 times
  • The average score is 6 of 23
Answer Stats
Year Movie % Correct
2025 The Fantastic Four: First Steps
100%
2019 Fast & Furious: Hobbs & Shaw
60%
2023 Mission Impossible: Dead Reckoning
60%
2018 Mission Impossible: Fallout
60%
2024 Eden
40%
2010 Love/Loss
40%
2016 Me Before You
40%
2023 Napoleon
40%
2025 Night Always Comes
40%
2013 About Time
20%
2015 Jupiter Ascending
20%
2016 Kill Command
20%
2020 Pieces of a Woman
20%
2022 The Son
20%
2020 The World To Come
20%
2012 Wasteland
20%
2015 Bone in the Throat
0%
2013 Charlie Countryman
0%
2015 Everest
0%
2016 Genius
0%
2021 Italian Studies
0%
2019 Mr. Jones
0%
2014 Queen & Country
0%
No matching quizzes found
Score Distribution
Percent of People with Each Score
Percentile by Number Answered
Your Score History
You have not taken this quiz